NCAA Division III Men's Basketball Teams - Statistics

General Stats
  • This quiz has been taken 1,240 times
    717 since last reset
  • The average score is 98 of 416
Answer Stats
Conference Team % Correct
UAA Washington (MO) Bears
56%
Empire 8 Alfred Saxons
53%
UAA Chicago Maroons
53%
NESCAC Amherst Mammoths
50%
UAA NYU Violets
50%
CCC Roger Williams Hawks
50%
Centennial Washington (MD) Shoremen
50%
WIAC Wisconsin-Eau Claire Blugolds
50%
WIAC Wisconsin-Stevens Point Pointers
50%
WIAC Wisconsin-Whitewater Warhawks
50%
UAA Rochester Yellowjackets
49%
NESCAC Williams Ephs
49%
NCAC Oberlin Yeomen
48%
MAC Freedom Stevens Ducks
48%
ASC Sul Ross State Lobos
48%
WIAC Wisconsin-Oshkosh Titans
48%
WIAC Wisconsin-Platteville Pioneers
48%
NCAC Wooster Fighting Scots
48%
Midwest Grinnell Pioneers
46%
WIAC Wisconsin-La Crosse Eagles
46%
NEWMAC MIT Engineers
45%
WIAC UWRF Falcons
45%
SUNYAC Cortland Red Dragons
44%
NESCAC Middlebury Panthers
44%
NESCAC Bates Bobcats
43%
Midwest Beloit Buccaneers
43%
HCAC Franklin Grizzlies
43%
Centennial Gettysburg Bullets
43%
Midwest Lake Forest Foresters
43%
NEWMAC Springfield Pride
43%
MIAA Adrian Bulldogs
42%
MIAA Albion Britons
42%
SUNYAC Geneseo Knights
42%
Centennial Swarthmore Garnet
42%
NACC Aurora Spartans
41%
ODAC Bridgewater Eagles
41%
C2C Christopher Newport Captains
41%
UMAC Minnesota-Morris Cougars
41%
AMCC Penn State Altoona Lions
41%
C2C Salisbury Sea Gulls
41%
Landmark Scranton Royals
41%
SUNYAC Brockport Golden Eagles
40%
NEWMAC Clark Cougars
40%
UAA Emory Eagles
40%
Centennial Johns Hopkins Blue Jays
40%
Midwest Ripon Red Hawks
40%
SUNYAC SUNY Potsdam Bears
40%
NESCAC Tufts Jumbos
40%
CUNYAC York (NY) Cardinals
40%
MAC Commonwealth York (PA) Spartans
40%
SCIAC Claremont-Mudd-Scripps Stags
39%
ARC Dubuque Spartans
39%
SUNYAC Fredonia Blue Devils
39%
Liberty League Ithaca Bombers
39%
NESCAC Trinity (CT) Bantams
39%
SCAC Trinity (TX) Tigers
39%
MIAA Alma Scots
38%
NESCAC Bowdoin Polar Bears
38%
NESCAC Colby Mules
38%
Centennial Haverford Fords
38%
ODAC Lynchburg Hornets
38%
MIAA Olivet Comets
38%
SUNYAC SUNY New Paltz Hawks
38%
Empire 8 Utica Pioneers
38%
CCIW Wheaton (IL) Thunder
38%
NEWMAC Wheaton (MA) Lyons
38%
CCS Berea Mountaineers
37%
UAA Carnegie Mellon Tartans
37%
UAA Case Western Reserve Spartans
37%
NCAC Hiram Terriers
37%
MIAA Kalamazoo Hornets
37%
AMCC Pitt-Bradford Panthers
37%
Midwest Monmouth (IL) Scots
36%
SCIAC Pomona-Pitzer Sagehens
36%
MIAC St. John's (MN) Johnnies
36%
NAC SUNY Canton Kangaroos
36%
C2C UC Santa Cruz Banana Slugs
36%
NESCAC Wesleyan (CT) Cardinals
36%
HCAC Defiance Yellow Jackets
35%
PAC Grove City Wolverines
35%
UEC St. Mary's (MD) Seahawks
35%
MIAC St. Mary's (MN) Cardinals
35%
HCAC Anderson (IN) Ravens
34%
SCIAC Redlands Bulldogs
34%
Liberty League RPI Engineers
34%
UMAC Wisconsin-Superior Yellow Jackets
34%
PAC Bethany (WV) Bison
33%
HCAC Bluffton Beavers
33%
CUNYAC Brooklyn Bulldogs
33%
NACC Concordia-Chicago Cougars
33%
MIAC Concordia-Moorhead Cobbers
33%
ASC Concordia-Texas Tornados
33%
NACC Concordia-Wisconsin Falcons
33%
MAC Commonwealth Eastern Eagles
33%
Empire 8 Elmira Soaring Eagles
33%
NAC Maine-Farmington Beavers
33%
OAC Marietta Pioneers
33%
Skyline Purchase Panthers
33%
NJAC Rutgers-Camden Scarlet Raptors
33%
Landmark Wilkes Colonels
33%
OAC Wilmington (OH) Quakers
33%
NESCAC Hamilton Continentals
32%
ODAC Hampden-Sydney Tigers
32%
NJAC Montclair State Red Hawks
32%
SUNYAC Oneonta State Red Dragons
32%
AMCC Pitt-Greensburg Bobcats
32%
Little East Rhode Island College Anchormen
32%
SAA Sewanee Tigers
32%
NAC SUNY Delhi Broncos
32%
ARC Central College Dutch
31%
SLIAC Eureka Red Devils
31%
SLIAC Greenville Panthers
31%
HCAC Hanover Panthers
31%
Empire 8 Houghton Highlanders
31%
SUNYAC Oswego State Lakers
31%
SUNYAC Plattsburgh State Cardinals
31%
Liberty League RIT Tigers
31%
NJAC Rutgers-Newark Scarlet Raiders
31%
ODAC Washington & Lee Generals
31%
SCIAC Whittier Poets
31%
SCAC Colorado College Tigers
30%
NESCAC Connecticut College Camels
30%
ODAC Ferrum Panthers
30%
PAC Geneva Golden Tornadoes
30%
CCC Hartford Hawks
30%
OAC John Carroll Blue Streaks
30%
NCAC Kenyon Owls
30%
UEC Lancaster Bible Chargers
30%
SCIAC La Verne Leopards
30%
MASCAC Salem State Vikings
30%
MAC Commonwealth Stevenson Mustangs
30%
NAC SUNY Cobleskill Fighting Tigers
30%
Liberty League Union (NY) Garnet Chargers
30%
NEWMAC WPI Engineers
30%
UAA Brandeis Judges
29%
CCIW Elmhurst Bluejays
29%
NAC Maine-Presque Isle Owls
29%
CCS Maryville (TN) Scots
29%
UEC Penn State Harrisburg Lions
29%
NJAC TCNJ Lions
29%
Little East Castleton Spartans
28%
SAA Centre Colonels
28%
NEWMAC Coast Guard Bears
28%
MASCAC Framingham State Rams
28%
MIAA Hope Flying Dutchmen
28%
Atlantic East Immaculata Mighty Macs
28%
OAC Mount Union Purple Raiders
28%
NACC Rockford Regents
28%
CCC Wentworth Leopards
28%
SCAC Austin Kangaroos
27%
SCIAC Caltech Beavers
27%
Landmark Catholic University Cardinals
27%
SCAC Dallas Crusaders
27%
NCAC Denison Big Red
27%
MASCAC Fitchburg State Falcons
27%
Little East Keene State Owls
27%
HCAC Manchester Spartans
27%
GNAC St. Joseph (CT) Blue Jays
27%
Skyline St. Joseph's-Brooklyn Bears
27%
Skyline St. Joseph's-Long Island Golden Eagles
27%
GNAC St. Joseph's (ME) Monks
27%
MASCAC Worcester State Lancers
27%
USA South Brevard Tornados
26%
MASCAC Bridgewater State Bears
26%
ARC Buena Vista Beavers
26%
SUNYAC Buffalo State Bengals
26%
MAC Freedom King's Monarchs
26%
MIAC St. Olaf Oles
26%
Little East UMass-Dartmouth Corsairs
26%
PAC Waynesburg Yellow Jackets
26%
MASCAC Westfield State Owls
26%
AMCC Alfred State Pioneers
25%
UEC Bryn Athyn Lions
25%
ARC Coe Kohawks
25%
Midwest Cornell College Rams
25%
Centennial Dickinson Red Devils
25%
Centennial Franklin & Marshall Diplomats
25%
CCS LaGrange Panthers
25%
CCIW North Central (IL) Cardinals
25%
UMAC North Central (MN) Rams
25%
NCAC Ohio Wesleyan Battling Bishops
25%
Little East Plymouth State Panthers
25%
Skyline Sarah Lawrence Gryphons
25%
Little East UMass-Boston Beacons
25%
MIAC Bethel (MN) Royals
24%
NCAC DePauw Tigers
24%
Landmark Elizabethtown Blue Jays
24%
AMCC Penn State Behrend Lions
24%
SLIAC Westminster (MO) Blue Jays
24%
PAC Westminster (PA) Titans
24%
PAC Allegheny Gators
23%
NEWMAC Babson Beavers
23%
SAA Berry Vikings
23%
MIAC Carleton Knights
23%
USA South Greensboro Pride
23%
CCIW Illinois Wesleyan Titans
23%
MIAC Macalester Scots
23%
GNAC New England College Pilgrims
23%
CCC New England Nor'easters
23%
NJAC New Jersey City Gothic Knights
23%
NJAC Rowan Profs
23%
Liberty League Vassar Brewers
23%
WIAC Wisconsin-Stout Blue Devils
23%
Empire 8 Keuka Wolves
22%
ARC Luther Norse
22%
SCAC St. Thomas (TX) Celts
22%
Skyline Yeshiva Maccabees
22%
CCIW Augustana (IL) Vikings
21%
Liberty League Hobart Statesmen
21%
NJAC Kean Cougars
21%
SCIAC Occidental Tigers
21%
OAC Otterbein Cardinals
21%
UEC Penn State Abington Nittany Lions
21%
ODAC Randolph WildCats
21%
UEC Rosemont Ravens
21%
NEWMAC Salve Regina Seahawks
21%
SCIAC Chapman Panthers
20%
Skyline Farmingdale State Rams
20%
Midwest Knox Prairie Fire
20%
NAC Morrisville State Mustangs
20%
ODAC Randolph-Macon Yellow Jackets
20%
Liberty League St. Lawrence Saints
20%
NAC VTSU-Johnson Badgers
20%
NCAC Wabash Little Giants
20%
ARC Wartburg Knights
20%
Little East Western Connecticut State Wolves
20%
OAC Baldwin Wallace Yellow Jackets
19%
SCIAC Cal Lutheran Kingsmen
19%
MIAA Calvin Knights
19%
CCIW Carroll Pioneers
19%
Liberty League Clarkson Golden Knights
19%
Little East Eastern Connecticut State Warriors
19%
NEWMAC Emerson Lions
19%
Midwest Illinois College Blueboys
19%
Midwest Lawrence Vikings
19%
Northwest Lewis & Clark Pioneers
19%
ARC Loras Duhawks
19%
NACC MSOE Raiders
19%
ARC Nebraska Wesleyan Prairie Wolves
19%
OAC Ohio Northern Polar Bears
19%
ODAC Roanoke Maroons
19%
ARC Simpson Storm
19%
PAC Washington & Jefferson Presidents
19%
NCAC Wittenberg Tigers
19%
Liberty League Bard Raptors
18%
CCIW Carthage Firebirds
18%
SCAC Centenary (LA) Gents
18%
Atlantic East Centenary (NJ) Cyclones
18%
PAC Franciscan Barons
18%
CCS Huntingdon Hawks
18%
NACC Illinois Tech Scarlet Hawks
18%
SAA Rhodes Lynx
18%
HCAC Rose-Hulman Fightin' Engineers
18%
Skyline SUNY Old Westbury Panthers
18%
MIAA Trine Thunder
18%
ASC UT Dallas Comets
18%
CUNYAC Baruch Bearcats
17%
NACC Benedictine Eagles
17%
SAA Birmingham-Southern Panthers
17%
CUNYAC CCNY Beavers
17%
CCC Endicott Gulls
17%
MAC Freedom FDU Florham Devils
17%
CUNYAC Hunter Hawks
17%
NAC Maine Maritime Mariners
17%
Skyline Maritime College Privateers
17%
Skyline Merchant Marine Mariners
17%
CCIW North Park Vikings
17%
Northwest Pacific (OR) Boxers
17%
Liberty League Skidmore Thoroughbreds
17%
Little East Southern Maine Huskies
17%
SCAC Southwestern Pirates
17%
Empire 8 St. John Fisher Cardinals
17%
NACC St. Norbert Green Knights
17%
HCAC Transylvania Pioneers
17%
CCC Western New England Golden Bears
17%
Northwest Whitman Blues
17%
MIAC Augsburg Auggies
16%
OAC Capital Crusaders
16%
NACC Dominican (IL) Stars
16%
Landmark Drew Rangers
16%
MIAC Gustavus Adolphus Gusties
16%
C2C Mary Washington Eagles
16%
MAC Commonwealth Messiah Falcons
16%
Centennial Muhlenberg Mules
16%
GNAC Norwich Cadets
16%
Northwest Puget Sound Loggers
16%
NJAC Ramapo Roadrunners
16%
Centennial Ursinus Bears
16%
AMCC Wells Express
16%
UEC Clarks Summit Defenders
15%
CCC Curry Colonels
15%
ASC East Texas Baptist Tigers
15%
GNAC Emmanuel (MA) Saints
15%
MIAC Hamline Pipers
15%
OAC Heidelberg Student Princes
15%
SAA Hendrix Warriors
15%
MAC Commonwealth Hood Blazers
15%
MASCAC MCLA Trailblazers
15%
CCIW Millikin Big Blue
15%
MIAC St. Scholastica Saints
15%
Landmark Susquehanna River Hawks
15%
NAC Thomas Terriers
15%
NAC VTSU-Lyndon Hornets
15%
NACC Wisconsin Lutheran Warriors
15%
MAC Commonwealth Alvernia Golden Wolves
14%
MAC Freedom Delaware Valley Aggies
14%
UEC Gallaudet Bison
14%
Atlantic East Gwynedd Mercy Griffins
14%
GNAC Johnson & Wales Wildcats
14%
Landmark Juniata Eagles
14%
NAC Lesley Lynx
14%
Northwest Linfield Wildcats
14%
Skyline Manhattanville Valiants
14%
MAC Freedom Misericordia Cougars
14%
HCAC Mount St. Joseph Lions
14%
Empire 8 Nazareth Golden Flyers
14%
UMAC Northwestern-St. Paul Eagles
14%
Northwest Pacific Lutheran Lutes
14%
NJAC Stockton Ospreys
14%
PAC St. Vincent Bearcats
14%
C2C Warren Wilson Owls
14%
MAC Commonwealth Albright Lions
13%
HCAC Earlham Quakers
13%
NACC Edgewood Eagles
13%
Northwest George Fox Bruins
13%
Landmark Goucher Gophers
13%
Landmark Lycoming Warriors
13%
Landmark Moravian Greyhounds
13%
OAC Muskingum Fighting Muskies
13%
Northwest Willamette Bearcats
13%
GNAC Albertus Magnus Falcons
12%
MAC Freedom Arcadia Knights
12%
GNAC Dean Bulldogs
12%
MAC Freedom DeSales Bulldogs
12%
ODAC Eastern Mennonite Royals
12%
ODAC Guilford Quakers
12%
ASC Hardin-Simmons Cowboys
12%
NAC Husson Eagles
12%
MAC Freedom Lebanon Valley Flying Dutchmen
12%
CUNYAC Medgar Evers Cougars
12%
CCC Nichols Bison
12%
ASC Ozarks Eagles
12%
GNAC Regis (MA) Pride
12%
CCC Suffolk Rams
12%
Northwest Whitworth Pirates
12%
MAC Commonwealth Widener Pride
12%
NJAC William Paterson Pioneers
12%
GNAC Anna Maria Amcats
11%
SLIAC Blackburn Beavers
11%
CCC Gordon Fighting Scots
11%
CUNYAC John Jay Bloodhounds
11%
Centennial McDaniel Green Terror
11%
SLIAC MUW Owls
11%
UEC Notre Dame of Maryland Gators
11%
C2C Pratt Cannoneers
11%
UEC Wilson Phoenix
11%
ODAC Averett Cougars
10%
GNAC Lasell Lasers
10%
Atlantic East Marymount Saints
10%
Skyline Mount St. Mary (NY) Knights
10%
Skyline Mount St. Vincent Dolphins
10%
USA South North Carolina Wesleyan Bishops
10%
SLIAC Principia Panthers
10%
USA South Southern Virginia Knights
10%
SLIAC Spalding Golden Eagles
10%
UEC St. Elizabeth Screaming Eagles
10%
CCS Belhaven Blazers
9%
GNAC Colby-Sawyer Chargers
9%
SLIAC Fontbonne Griffins
9%
NACC Lakeland Muskies
9%
SLIAC Lyon Scots
9%
NACC Marian Sabres
9%
ASC McMurry War Hawks
9%
UMAC Northland Lumberjacks
9%
SAA Oglethorpe Stormy Petrels
9%
UEC Penn State Berks Nittany Lions
9%
ODAC Shenandoah Hornets
9%
NAC SUNY Poly Wildcats
9%
ODAC Virginia Wesleyan Marlins
9%
SLIAC Webster Gorloks
9%
Atlantic East Cabrini Cavaliers
8%
AMCC Carlow Celtics
8%
PAC Chatham Cougars
8%
NAC Eastern Nazarene Lions
8%
Empire 8 Hartwick Hawks
8%
AMCC Hilbert Hawks
8%
AMCC La Roche Redhawks
8%
ASC LeTourneau Yellow Jackets
8%
Independent Maranatha Baptist Sabercats
8%
Atlantic East Marywood Pacers
8%
SAA Millsaps Majors
8%
GNAC Mitchell Mariners
8%
GNAC Rivier Raiders
8%
Empire 8 Russell Sage Gators
8%
PAC Thiel Tomcats
8%
UEC Cairn Highlanders
7%
UMAC Crown Polars
7%
GNAC Elms Blazers
7%
ASC Howard Payne Yellow Jackets
7%
CUNYAC Lehman Lightning
7%
USA South Methodist Monarchs
7%
AMCC Mount Aloysius Mounties
7%
UEC Penn College Wildcats
7%
SCAC Texas Lutheran Bulldogs
7%
UEC Valley Forge Patriots
7%
UMAC Bethany Lutheran Vikings
6%
UMAC Martin Luther Knights
6%
Atlantic East Neumann Knights
6%
USA South Pfeiffer Falcons
6%
CCS Piedmont Lions
6%
Independent Asbury Eagles
5%
UEC Keystone Giants
5%
USA South Mary Baldwin Fighting Squirrels
5%
USA South William Peace Pacers
5%
CCS Covenant Scots
4%
SCAC Schreiner Mountaineers
3%
No matching quizzes found
Score Distribution
Percent of People with Each Score
Percentile by Number Answered
Your Score History
You have not taken this quiz since the last reset